000
00273nam a2200109Ia 4500
001
1272349
005
20260417151426.0
008
260417s9999 xx 000 0 und d
020
_a
9786256999558
245
0
_a
Küçük Şehzade
_c
Cahit Zarifoğlu
260
_b
Ketebe Çocuk
999
_c
1272349
_d
1272349